000 01289nas a2200289 454500
001 32987
005 20260407193508.0
008 260407s1979####ag###########|||spa#d
003 AR-UNSa-BCEJYS
040 _aAR-UNSa-BCEJYS
_bspa
_cAR-UNSa-BCEJYS
080 _a330
_xEconomía en general
245 1 0 _aRevista de la Facultad de Ciencias Económicas
_ppublicación de la Facultad de Ciencias Económicas de la Universidad Nacional de Rosario
022 _a0326-0232
264 1 _aRosario :
_bUniversidad Nacional de Rosario
_c1979
310 _aFrecuencia: Anual A partir del Nº 6 presenta una leve variación en el título: REVISTA DE ECONOMIA Y ADMINISTRACION A partir del Nº 10 el título varía: REVISTA DE LA FACULTAD DE CIENCIAS ECONOMICAS Y ESTADISTICA ISSN comienza a aparecer a partir del Nº10
041 _aspa
942 _cSER
590 _aniveau_biblio:s niveau_hierar:1
100 1 _aUniversidad Nacional de Rosario. Facultad de Ciencias Económicas
650 _aEstadísticas económicas
650 _aCondiciones económicas
650 _aMicroeconomía
650 _aMacroeconomía
650 _aECONOMIA
650 _aSANTA FE
856 4 1 _uhttps://biblioeco.unsa.edu.ar/pmb/images/revistas/rev_fac_cs_eco_estadistica11.jpg
_yImagen de portada
_qimage/jpeg
999 _c8727
_d8727